| 000 | 01118cab a2200193 4500 | ||
|---|---|---|---|
| 001 | L129246 | ||
| 008 | 050404n2005 000 0 eng u | ||
| 035 | _a(Sirsi) u129246 | ||
| 041 | _aeng | ||
| 100 | _aCottam, Guy | ||
| 245 | _aDon't dodge the draft | ||
| 260 | _c2005 | ||
| 490 |
_aConstruction News _v31 March 2005, 14(1) |
||
| 520 | _aWith reference to a recent CA decision, "George Wimpey UK Ltd v VI Construction Ltd" ([2005] EWCA Civ 77, The Times 16 February 2005) advises parties to be careful in the creation of contracts. They are often badly drafted, not checked for errors and once signed it is usually too late to rectify the problems. In "Wimpey" an enhancement factor was not properly included in the contract. An application was made to incorporate these, but VI Construction successfully appealed as the CA concluded that Wimpey had not offered convincing proof that VI had knowledge of Wimpey's mistakes. | ||
| 590 | _aIKA150405 | ||
| 650 | _aGEORGE WIMPEY UK LTD V VI CONSTRUCTION LTD | ||
| 690 | _aBUILT ENVIRONMENT-CONSTRUCTION MANAGEMENT-BUILDING CONTRACT ADMINISTRATION | ||
| 942 | _n0 | ||
| 999 |
_c75015 _d75015 |
||